Manažerský a marketingový modul /

Korporativní autor: Univerzita Hradec Králové. Fakulta informatiky a managementu
Další autoři: Banaš, Marek, 1976-
Jazyk: Čeština
Vydáno: Hradec Králové : Gaudeamus, 2014
Vydání: Vyd. 1.
Témata:
Fyzický popis: 164 s. : il. (převážně barev.), mapy ; 21 cm
Knihy
Uloženo v:
LEADER 01771nam a2200445 a 4500
001 nkc20142627571
003 CZ PrNK
005 20150205133228.0
007 ta
008 141001s2014 xr ab e p 000 0 cze
015 |a cnb002627571 
020 |a 978-80-7435-388-8  |q (brož.) 
035 |a (OCoLC)897869693 
040 |a OLA001  |b cze  |d ABA001 
072 7 |a 338.3/.4  |x Hospodářská a výrobní odvětví  |2 Konspekt  |9 4 
072 7 |a 37.016  |x Učební osnovy. Vyučovací předměty. Učebnice  |2 Konspekt  |9 22 
080 |a 338.486  |2 MRF 
080 |a 338.487:658.8  |2 MRF 
080 |a (075.8)  |2 MRF 
245 0 0 |a Manažerský a marketingový modul /  |c Marek Banaš ... [et al.] 
250 |a Vyd. 1. 
260 |a Hradec Králové :  |b Gaudeamus,  |c 2014 
300 |a 164 s. :  |b il. (převážně barev.), mapy ;  |c 21 cm 
500 |a Nad názvem: Univerzita Hradec Králové, Fakulta informatiky a managementu 
500 |a 400 výt. 
504 |a Obsahuje bibliografii a bibliografické odkazy 
650 0 7 |a management cestovního ruchu  |7 ph514345  |2 czenas 
650 0 7 |a marketing cestovního ruchu  |7 ph572637  |2 czenas 
650 0 9 |a tourism management  |2 eczenas 
650 0 9 |a tourism marketing  |2 eczenas 
655 7 |a učebnice vysokých škol  |7 fd133772  |2 czenas 
655 9 |a textbooks (higher)  |2 eczenas 
700 1 |a Banaš, Marek,  |d 1976-  |7 xx0071262  |4 aut 
710 2 |a Univerzita Hradec Králové.  |b Fakulta informatiky a managementu  |7 kn20020321790 
910 2 |a BOA001  |b 2-1332.892 
990 |a BK 
995 |a 01 
991 |b 201410  |c NOV  |e n 
996 6 |b 2610607023  |c 2-1332.892  |l MZK  |r Sklad / do 1 hodiny  |n 4  |p p.v.  |w 001462967  |u 000010  |a 1  |e BOA001  |j MZK50  |s P 
996 7 |b 2610622104  |c 2-1332.892  |l MZK  |r Sklad / do 1 hodiny  |n 9  |p dar  |w 001462967  |u 000020  |a 1  |e BOA001  |j MZK50  |s A